Chính sách thuế mới 2006

Cuốn sách được trình bày một cách hệ thống, có chọn lọc các văn bản về chính sách thuế. Các phần trong cuốn sách được chia theo nội dung của từng chính sách thuế nhằm tạo điều kiện cho bạn đọc có thể theo dõi, nắm bắt được các vấn đ...

Fuld beskrivelse

Đã lưu trong:
Bibliografiske detaljer
Institution som forfatter: Bộ Tài chính
Format: Bog
Sprog:Undetermined
Udgivet: Hà Nội Tài chính 2006
Fag:
Tags: Tilføj Tag
Ingen Tags, Vær først til at tagge denne postø!
Thư viện lưu trữ: Trung tâm Học liệu Trường Đại học Cần Thơ
LEADER 01166nam a2200217Ia 4500
001 CTU_112820
008 210402s9999 xx 000 0 und d
020 |c 175000 
082 |a 343.59704 
082 |b B450 
110 |a Bộ Tài chính 
245 0 |a Chính sách thuế mới 2006 
245 0 |c Bộ Tài chính 
260 |a Hà Nội 
260 |b Tài chính 
260 |c 2006 
520 |a Cuốn sách được trình bày một cách hệ thống, có chọn lọc các văn bản về chính sách thuế. Các phần trong cuốn sách được chia theo nội dung của từng chính sách thuế nhằm tạo điều kiện cho bạn đọc có thể theo dõi, nắm bắt được các vấn đề một cách đầy đủ, nhanh chóng nhất. Đặc biệt trong cuốn sách này đã cập nhật các văn bản mới nhất đến thời điểm phát hành năm 2006. 
650 |a Taxation,Finance, public 
650 |z Vietnam,Vietnam 
904 |i Giang 
980 |a Trung tâm Học liệu Trường Đại học Cần Thơ